=LDR 00000nam 2200000 4500 =001 INLIS000000000017215 =005 20200826092804 =035 ##$$a 0010-061300000017215 =008 200826################g##########0#ind## =041 ##$$a Ind =082 ##$$a 2x4.13 =090 ##$$a 2x3.4, Jan b =100 ##$$a Jauzy, Ibnul =245 1#$$a Belenggu nafsu /$c Ibnul Janzy ; penerjemah, Wawan Djunaedi Soffandi, S.Ag =260 ##$$a Jakarta :$b Buku Islam Rahmatan,$c 2000 =300 ##$$a xvi, 455 hlm. ; $c 23 X 15 cm. =650 #4$$a Menahan Hawa Nafsu =700 #$$a Soffandi. Wawan Junaedi =850 ##$$a NBPNMAT =084 ##$$a 2x4.13 JAU b =250 ##$$a cet. 1 =990 ##$$a 159.019/Pb 2000 =990 ##$$a 159.020/Pb 2000 =990 ##$$a 20602555 =990 ##$$a 20602553 =990 ##$$a 20602554 =990 ##$$a 00092667 =990 ##$$a 20602555